000 00745nam a2200229 i 4500
001 106037
003 ES-MaACL
005 20230906184035.0
007 t|
008 060922s1911 fr ||||1| fre d
080 _a331.893.1
100 1 _aPouget, Emile.
_993426
245 1 3 _aLe sabotage /
_cEmile Pouget.
260 _aParis :
_bMarcel Rivière,
_c[1911?]
300 _a68 p. ;
_c18 cm.
490 1 _aBibliothèque du mouvement prolétarien ;
_v13
650 4 _aSabotaje.
_916958
830 1 _aBibliothèque du mouvement prolétarien ;
_v13
_9187394
852 4 _aES-MaACL
_jAND-731
_z- Biblioteca Juan Andrade
852 4 _aES-MaACL
_jT-1217-F-3
_z- Enc. en un vol. facticio, conservando cub. original
999 _c106037
_d106037